000 00417nam a2200181Ia 4500
001 11452
005 20260306162829.0
008 260306t1963||||xx |||||||||||||| ||spa||
041 _aESP
082 _a985.053
_bI59 V. 4
100 _aInstituto Libertador Ramón Castilla
_eAUT
245 0 _aArchivo Castilla
260 _c1963
300 _a
_c
650 _aGEN
654 _aCHU
942 _cLIB
_dJUS
_fJUS
_2ddc
_n
999 _c11452
_d11452